| 000 | 00383nam a22001337a 4500 | ||
|---|---|---|---|
| 020 | _a0071410082 | ||
| 040 | _cNUST | ||
| 082 |
_a635..9642 _bJOH |
||
| 100 |
_aRodney Johns _9123989 |
||
| 245 | _aTurfgrass Installation Management and Maintenance | ||
| 260 |
_aNew York: _bMcGraw Hill, _cJOH. |
||
| 650 |
_aTurfgrass Installation Management and Maintenance _9123990 |
||
| 942 |
_2ddc _cBK |
||
| 999 |
_c609975 _d609975 |
||